000 00309nam a22001217a 4500
003 LRUA
005 20230526220736.0
008 230526b xxu||||| |||| 00| 0 eng d
040 _cRUA
082 _2262 PHI 1990 C077 Or.
245 _aPHILIPPINES RECOMMENDS FOR BLACK PEPPER PRODOCUTION THE
942 _2ddc
_cREC
999 _c21379
_d21379